Southville International School and Colleges
Your cart is empty.
  • Cart
  • Lists
    Public lists Eva Luna New books Lux_list list_1
    Your lists Log in to create your own lists
  • Log in to your account
  • Your cookies
  • Search history
Southville International School and Colleges
  • Advanced search
  • Recent comments
  • Most popular
  • Libraries

Log in to your account

Log in with GOOGLE


If you do not have an external account, but do have a local account, you can still log in:

  1. Home
  2. MARC view: Burglars can't be choosers :
Normal view MARC view ISBD view

Burglars can't be choosers : (Record no. 11044)

[ view plain ]
MARC details
000 -LEADER
fixed length control field 00734mam a2200265 a 4500
001 - CONTROL NUMBER
control field 2004834
003 - CONTROL NUMBER IDENTIFIER
control field LC
005 - DATE AND TIME OF LATEST TRANSACTION
control field 20160222134731.0
008 - FIXED-LENGTH DATA ELEMENTS--GENERAL INFORMATION
fixed length control field 940405s1977 nyu 000 0 eng d
020 ## - INTERNATIONAL STANDARD BOOK NUMBER
International Standard Book Number 0451180739
035 ## - SYSTEM CONTROL NUMBER
System control number (OCoLC)ocm30087454
040 ## - CATALOGING SOURCE
Original cataloging agency VTU
Transcribing agency VTU
Modifying agency OCL
050 ## - LIBRARY OF CONGRESS CALL NUMBER
Classification number PZ 4
Item number .B6533 1977
082 ## - DEWEY DECIMAL CLASSIFICATION NUMBER
Classification number FIC
Item number B62b 1977
100 1# - MAIN ENTRY--PERSONAL NAME
Personal name Block, Lawrence.
9 (RLIN) 18703
245 10 - TITLE STATEMENT
Title Burglars can't be choosers :
Statement of responsibility, etc Lawrence Block
Remainder of title a bernie rhodenbarr mystery /
260 ## - PUBLICATION, DISTRIBUTION, ETC. (IMPRINT)
Place of publication, distribution, etc New York :
Name of publisher, distributor, etc Penguin Group,
Date of publication, distribution, etc c1977.
300 ## - PHYSICAL DESCRIPTION
Extent 301 p. ;
Dimensions 18 cm.
562 ## - COPY AND VERSION IDENTIFICATION NOTE
Number of copies 1
650 #0 - SUBJECT ADDED ENTRY--TOPICAL TERM
Topical term or geographic name as entry element Mystery
Form subdivision Fiction.
9 (RLIN) 18716
655 #7 - INDEX TERM--GENRE/FORM
Genre/form data or focus term Detective and mystery stories.
Source of term gsafd
9 (RLIN) 3472
942 ## - ADDED ENTRY ELEMENTS (KOHA)
Source of classification or shelving scheme Library of Congress Classification
Koha item type Books
Holdings
Withdrawn status Lost status Source of classification or shelving scheme Damaged status Home library Current library Shelving location Date acquired Total Checkouts Full call number Barcode Date last seen Date checked out Copy number Price effective from Koha item type
    Library of Congress Classification   Luxembourg Library Luxembourg Library Fiction Section 09/12/2013 1 PZ 4 .B6533 1977 7065 09/20/2025 09/17/2025 1 09/12/2013 Books

Burglars can't be choosers :

APA

Block L., . (1977). Burglars can't be choosers. New York: Penguin Group.

Chicago

Block Lawrence, . 1977. Burglars can't be choosers. New York: Penguin Group.

Harvard

Block L., . (1977). Burglars can't be choosers. New York: Penguin Group.

MLA

Block Lawrence, . Burglars can't be choosers. New York: Penguin Group. 1977.

  • Place hold
  • Print
  • Cite
  • Add to your cart (remove)
  • Save record
    BIBTEX Dublin Core MARCXML MARC (non-Unicode/MARC-8) MARC (Unicode/UTF-8) MARC (Unicode/UTF-8, Standard) MODS (XML) RIS
  • More searches
    Search for this title in:
    Other Libraries (WorldCat) Other Databases (Google Scholar) Online Stores (Bookfinder.com) Open Library (openlibrary.org)

Exporting to Dublin Core...

SOUTHVILLE LIBRARY

Southville International School and Colleges Library

1281 Tropical Ave. Cor. Luxembourg St., BF Homes International, Las Pinas City

Tel. No. 8256374 / 252358 Loc. 117/146

Powered by Koha